مبادئ السينما و الإذاعه و التلفزيون / (رقم التسجيلة. 147309)

تفاصيل مارك
000 -الفاتح
عناصر البيانات ثابتة الطول 00741nam a22002057i 4500
005 - تاريخ ووقت آخر معاملة
حقل ضبط 20251112101614.0
008 - عناصر البيانات ثابتة الطول
عناصر البيانات ثابتة الطول 250721s2023 jo gr 000 0 ara d
020 ## - الترقيم الدولي المعياري للكتب (ردمك)
الترقيم الدولي المعياري للكتب (ردمك) 9789957837235
082 14 - رقم تصنيف ديوي العشري
رقم التصنيف 791.4
رقم المادة م ك ت
110 2# - مدخل رئيسي – اسم هيئة
اسم الهيئة أو اسم السلطة المختصة كعنصر مدخل مكتبة المجتمع العربي
علاقة الهيئة بالعمل/ دورالهئية معد.
245 10 - بيان العنوان
العنوان مبادئ السينما و الإذاعه و التلفزيون /
بيان المسؤولية إعداد مكتبة المجتمع العربي.
250 ## - بيان الطبعة
بيان الطبعة الطبعة الاولى.
264 1# - بيانات النشر، التوزيع…إلخ
مكان النشر، التوزيع...إلخ عمان :
اسم الناشر، الموزع...إلخ مكتبة المجتمع العربي للنشر والتوزيع،
تاريخ النشر، التوزيع...إلخ 2023.
300 ## - الوصف المادي
عدد الوحدات المكونة للوعاء 178 صفحة.
650 17 - مدخل إضافي بالموضوع - مصطلح موضوعي
مصطلح موضوعي أو اسم جغرافي كعنصر مدخل السينما.
650 17 - مدخل إضافي بالموضوع - مصطلح موضوعي
مصطلح موضوعي أو اسم جغرافي كعنصر مدخل الاذاعة.
650 17 - مدخل إضافي بالموضوع - مصطلح موضوعي
مصطلح موضوعي أو اسم جغرافي كعنصر مدخل التلفاز.
942 ## - بيانات إضافية (كوها)
نوع التنصيف Dewey Decimal Classification
نوع المادة (كوها) كتب
المقتنيات
حالة السحب حالة الفقدان مصدر التصنيف حالة التلف غير قابل للإعارة المكتبة الرئيسية المكتبة الحالية موقع الرف تاريخ التزويد الرقم المتسلسل Total Checkouts رقم الإستدعاء الباركود تاريخ آخر ظهور تاريخ الفاتورة نوع المادة (كوها)
    Dewey Decimal Classification     المكتبة المركزية المكتبة المركزية الإعارة 28/07/2025 1794283   791.4/مكت PLD00516202 28/07/2025 28/07/2025 كتب
    Dewey Decimal Classification     مكتبة أم قصير والمقابلين العامة مكتبة أم قصير والمقابلين العامة الإعارة 17/03/2025 1794286   791.4 / م ك ت PLD00516224 28/07/2025 17/03/2025 كتب
    Dewey Decimal Classification     مكتبة الأميرة ايمان العامة مكتبة الأميرة ايمان العامة الإعارة 17/03/2025 1794284   791.4 / م ك ت PLD00516222 28/07/2025 17/03/2025 كتب
    Dewey Decimal Classification     مكتبة الاميرة بديعة مكتبة الاميرة بديعة الإعارة 17/03/2025 1794287   791.4 / م ك ت PLD00516225 28/07/2025 17/03/2025 كتب
    Dewey Decimal Classification     مكتبة وادي السير العامة مكتبة وادي السير العامة الإعارة 17/03/2025 1794285   791.4 / م ك ت PLD00516223 28/07/2025 17/03/2025 كتب
Implemented & Customized by: BBB with SCIT (Smart Chains for Information Technology)

Powered by Koha